000 003750000a22001570004500
001 000016
003 MACL
040 _aMACL
090 _c16
_d16
100 _aDe, N.K.
245 _aThe Land
_bMultifaceted Appraisal and Management
_cN.K. De
260 _aShibhumi Publishing Company,
_c1997
350 _a450
650 _aEconomies Of Land And Energy
942 _k333
_cBook
999 _c49323
_d49323